| 000 | 00855cam a22002657a 4500 | ||
|---|---|---|---|
| 008 | 020318s2002 io a b 001 0 ind d | ||
| 010 | _a 2002348755 | ||
| 020 | _a9799340349 | ||
| 020 | _z9799340319 | ||
| 040 |
_aDLC _cDLC |
||
| 092 | 0 | 4 |
_a303.409598 _bS1653 _221 |
| 099 |
_a04 _a303.409598 S1653 |
||
| 100 | 1 |
_aSalim, Agus, _d1955- |
|
| 245 | 1 | 0 |
_aPerubahan sosial : _bsketsa teori dan refleksi metodologi kasus Indonesia / _cAgus Salim . |
| 250 | _aCet. 1. | ||
| 260 |
_aYogyakarta : _bTiara Wacana Yogya, _c2002. |
||
| 300 |
_axxvii, 318 p. : _bill. ; _c21 cm. |
||
| 504 | _aIncludes bibliographical references (p. 297-302) and index. | ||
| 650 | 0 |
_aSocial change _zIndonesia |
|
| 902 | _a1 | ||
| 905 |
_aEman _eRev. |
||
| 905 |
_aJamal _eCat. |
||
| 942 |
_2ddc _cBK |
||
| 999 |
_c137413 _d137413 |
||